000 00478cam a2200145 4500500
005 20251228082900.0
041 _afre
042 _adc
100 1 0 _aPerez, Stanis
_eauthor
245 0 0 _aLa République des Lettres menée à la baguette ?
260 _c2005.
500 _a8
786 0 _nDix-septième siècle | 226 | 1 | 2005-03-01 | p. 145-154 | 0012-4273
856 4 1 _uhttps://shs.cairn.info/revue-dix-septieme-siecle-2005-1-page-145?lang=fr&redirect-ssocas=7080
999 _c1599968
_d1599968